<?xml version="1.0" encoding="UTF-8"?><?xml-stylesheet type="text/xsl" href="static/style.xsl"?><OAI-PMH xmlns="http://www.openarchives.org/OAI/2.0/" xmlns:xsi="http://www.w3.org/2001/XMLSchema-instance" xsi:schemaLocation="http://www.openarchives.org/OAI/2.0/ http://www.openarchives.org/OAI/2.0/OAI-PMH.xsd"><responseDate>2026-04-14T04:12:21Z</responseDate><request verb="GetRecord" identifier="oai:www.recercat.cat:20.500.12694/7058" metadataPrefix="marc">https://recercat.cat/oai/request</request><GetRecord><record><header><identifier>oai:recercat.cat:20.500.12694/7058</identifier><datestamp>2025-12-18T12:08:50Z</datestamp><setSpec>com_2072_179042</setSpec><setSpec>col_2072_484474</setSpec></header><metadata><record xmlns="http://www.loc.gov/MARC21/slim" xmlns:dcterms="http://purl.org/dc/terms/" xmlns:xsi="http://www.w3.org/2001/XMLSchema-instance" xmlns:doc="http://www.lyncode.com/xoai" xsi:schemaLocation="http://www.loc.gov/MARC21/slim http://www.loc.gov/standards/marcxml/schema/MARC21slim.xsd">
   <leader>00925njm 22002777a 4500</leader>
   <datafield ind2=" " ind1=" " tag="042">
      <subfield code="a">dc</subfield>
   </datafield>
   <datafield ind2=" " ind1=" " tag="720">
      <subfield code="a">Castelló de Diego, Quim</subfield>
      <subfield code="e">author</subfield>
   </datafield>
   <datafield ind2=" " ind1=" " tag="260">
      <subfield code="c">2015-07-15</subfield>
   </datafield>
   <datafield ind2=" " ind1=" " tag="520">
      <subfield code="a">Actualment, la situació de la música s’ha vist trastocada per l’IVA cultural, les descàrregues il·legals i una baixada en la contractació. El sector musical ha patit una davallada important de feina i una creixent competitivitat; aquests fets han obligat molts músics a produir-se els seus propis projectes musicals, tractant tota mena d’aspectes musicals i extramusicals. Aquest treball pretén exposar el procés utilitzat en la creació del meu propi projecte musical, QC Project. En aquest sentit, es tracta d’un abordatge de les meves principals influències musicals, explicacions i reflexions sobre QC Project, tant en l’àmbit logístic del projecte com en l’anàlisi de les meves composicions, entre d’altres.</subfield>
   </datafield>
   <datafield ind2=" " ind1=" " tag="520">
      <subfield code="a">Actualmente, debido a una disminución del trabajo en el sector musical y a una creciente competitividad, muchos músicos tienen que producirse sus propios proyectos musicales, tratando todo tipo de aspectos musicales y extramusicales. Este trabajo pretende exponer el proceso utilizado en la creación de mi propio proyecto musical, QC Project. En este sentido, expresaré mis principales influencias musicales, explicaciones y reflexiones sobre QC Project, tanto en el ámbito logístico del proyecto como en el análisis de mis composiciones, entre otros aspectos.</subfield>
   </datafield>
   <datafield ind2=" " ind1=" " tag="520">
      <subfield code="a">Currently, due to a decline in overall employment in the music industry and growing competition, many musicians have to produce their own musical projects, addressing all sorts of musical and extramusical aspects. The goal of this project is to explain the process used in creating my own musical project, QC Project. In this sense, I will present my main musical influences, explanations, and reflections about QC Project, both in the logistical aspects of the project and in the analysis of my compositions, among other areas.</subfield>
   </datafield>
   <datafield ind1="8" ind2=" " tag="024">
      <subfield code="a">http://hdl.handle.net/20.500.12694/7058</subfield>
   </datafield>
   <datafield tag="653" ind2=" " ind1=" ">
      <subfield code="a">TFG Jazz i música moderna</subfield>
   </datafield>
   <datafield tag="653" ind2=" " ind1=" ">
      <subfield code="a">Bateria, Música per a</subfield>
   </datafield>
   <datafield tag="653" ind2=" " ind1=" ">
      <subfield code="a">Producció musical</subfield>
   </datafield>
   <datafield ind2="0" ind1="0" tag="245">
      <subfield code="a">Quim Castelló Project: procés de creació del meu projecte musical</subfield>
   </datafield>
</record></metadata></record></GetRecord></OAI-PMH>